The Tale of Two Countries/ (Record no. 192210)

MARC details
000 -LEADER
fixed length control field 00544nam a22001817a 4500
005 - DATE AND TIME OF LATEST TRANSACTION
control field 20220914102459.0
010 ## - LCCN (DPL NO)
LC control number B-745515
020 ## - INTERNATIONAL STANDARD BOOK NUMBER
International Standard Book Number 9788129151506
Terms of availability 295.00
035 ## - SYSTEM CONTROL NUMBER
System control number B-745515
037 ## - SOURCE OF ACQUISITION
Source of stock number/acquisition Rupa
100 ## - MAIN ENTRY--PERSONAL NAME
Personal name Karkra, B.K.
245 ## - TITLE STATEMENT
Title The Tale of Two Countries/
Statement of responsibility, etc B.K. Karkra
260 ## - PUBLICATION, DISTRIBUTION, ETC. (IMPRINT)
Place of publication, distribution, etc New Delhi
Name of publisher, distributor, etc Rupa
Date of publication, distribution, etc 2018
270 ## - ADDRESS
Address 7/16, Ansari Road, Daryagang
City New Delhi
Postal code 110002
300 ## - PHYSICAL DESCRIPTION
Extent 183p.
Dimensions 20cm(pbk)
942 ## - ADDED ENTRY ELEMENTS (KOHA)
Source of classification or shelving scheme Dewey Decimal Classification
Item type English Books
Call number suffix KAR
Classification part 823.92
Holdings
Withdrawn status Lost status Not for loan Collection code Home library Current library Date acquired Source of acquisition Cost, normal purchase price Full call number Barcode Copy number Cost, replacement price Koha item type Public note
      Fiction Kadipur Kadipur 14/09/2022 5.9.22/Gift 295.00 823.92 KAR B-745515 1 295.00 English Books Gift

© Delhi Public Library
Hit Counter
free hit counter